| 000 | 00677nab a2200193 4500 | ||
|---|---|---|---|
| 001 | 244442 | ||
| 003 | OSt | ||
| 005 | 20260507075434.0 | ||
| 007 | tu | ||
| 008 | 260507s2020||||||| | ||
| 040 |
_aDE-2950 _cDE-2950 |
||
| 245 | 0 | 0 |
_aStandort bleibt erhalten _bFlüchtlingsheim. Die Asylunterkunft in der früheren Oderlandkaserne der ZABH in Frankfurt sorgte zeitweise für viele Konflikte. Inzwischen hat sich die Lage normalisiert/ _cThomas Meiler |
| 264 | _c2026 | ||
| 653 | _aFrankfurt (Oder) | ||
| 653 | _aFlüchtlingsheim | ||
| 653 | _aOderlandkaserne | ||
| 773 | 0 |
_g37. Jahrgang (2026) Nr. 100 vom 30.04.2026 , S. 13 mit Foto _tMärkische Oderzeitung |
|
| 942 |
_2z _cA |
||
| 999 |
_c374389 _d374389 |
||